Statistics for VI Nations Championship 2024 : England squad

Click here to take the quiz!

General Stats

  • This quiz has been taken 11 times
  • The average score is 20 of 36

Answer Stats

PositionCapsAnswer% Correct
Fly-half30Marcus Smith
100%
Centre21Ollie Lawrence
100%
Prop107Dan Cole
80%
Fly-half0Fin Smith
80%
Fullback31Freddie Steward
80%
Fly-half91George Ford
80%
Hooker85Jamie George
80%
Prop88Joe Marler
80%
Lock18Ollie Chessum
80%
Back row30Sam Underhill
80%
Hooker7Theo Dan
80%
Scrum-half11Alex Mitchell
60%
Back row25Ben Earl
60%
Prop3Beno Obano
60%
Scrum-half4Ben Spencer
60%
Back row0Chandler Cunningham-South
60%
Scrum-half96Danny Care
60%
Centre64Elliot Daly
60%
Prop58Ellis Genge
60%
Fullback6George Furbank
60%
Centre57Henry Slade
60%
Wing0Immanuel Feyi-Waboso
60%
Lock76Maro Itoje
60%
Wing3Tommy Freeman
60%
Prop33Will Stuart
60%
Back row15Alex Dombrandt
40%
Back row5Ben Curry
40%
Centre0Fraser Dingwall
40%
Hooker41Luke Cowan-Dickie
40%
Lock3Alex Coles
20%
Back row0Ethan Roots
20%
Lock11Nick Isiekwe
20%
Back row1Tom Pearson
20%
Prop7Joe Heyes
0%
Centre0Oscar Beard
0%
Wing0Tom Roebuck
0%

Score Distribution

Percentile by Number Answered

Percent of People with Each Score

Your Score History

You have not taken this quiz